[Event "BIH-ch 12th"]
[Site "Lukavac"]
[Date "2018.12.16"]
[Round "6"]
[White "Mesic, Ismet"]
[Black "Muhibic, Cazim"]
[Result "1-0"]
[WhiteElo "1708"]
[BlackElo "1877"]
[PlyCount "65"]
[EventDate "2018.12.13"]
[EventType "swiss"]
[EventRounds "7"]
[EventCountry "BIH"]
[SourceTitle "CBM 187 Extra"]
[Source "ChessBase"]
[SourceDate "2018.11.04"]
[SourceVersion "1"]
[SourceVersionDate "2018.11.04"]
[SourceQuality "1"]

1. e4 g6 2. Nf3 Bg7 3. d4 d6 4. c4 Nf6 5. Nc3 c6 6. Be2 Qa5 7. 0-0 0-0 8. a3 Bg4 9. h3 Bxf3 10. Bxf3 e5 11. d5 cxd5 12. cxd5 a6 13. Be3 b5 14. b4 Qd8 15. Qb3 Nbd7 16. Rfc1 Nb6 17. Bxb6 Qxb6 18. a4 bxa4 19. Rxa4 Nd7 20. Rca1 Nc5 21. Qa2 Nxa4 22. Qxa4 Rfb8 23. Rb1 f5 24. Qd7 Re8 25. exf5 Rad8 26. Qc6 Qxc6 27. dxc6 gxf5 28. c7 Rc8 29. Nd5 Kf8 30. Be2 Re7 31. Rc1 Bh6 32. Nxe7 Kxe7 33. Bxa6 1-0

[Event "BIH-ch 12th"]
[Site "Lukavac"]
[Date "2018.12.16"]
[Round "7"]
[White "Muhibic, Cazim"]
[Black "Mesic, Merim"]
[Result "1-0"]
[WhiteElo "1877"]
[BlackElo "1788"]
[PlyCount "173"]
[EventDate "2018.12.13"]
[EventType "swiss"]
[EventRounds "7"]
[EventCountry "BIH"]
[SourceTitle "CBM 187 Extra"]
[Source "ChessBase"]
[SourceDate "2018.11.04"]
[SourceVersion "1"]
[SourceVersionDate "2018.11.04"]
[SourceQuality "1"]

1. d4 d5 2. Bf4 c6 3. e3 Nf6 4. Nd2 g6 5. h3 Bg7 6. Ngf3 0-0 7. Bd3 Nh5 8. Bh2 f5 9. Ne5 Be6 10. Ndf3 Bf6 11. g4 Ng7 12. c3 Nd7 13. Nxd7 Bxd7 14. g5 Nh5 15. gxf6 exf6 16. Rg1 Kh8 17. Qc2 Qc8 18. 0-0-0 b5 19. Bd6 Rf7 20. Nh4 Ng7 21. f4 Be6 22. Qf2 Qd7 23. Bc5 Ne8 24. Rg2 Nd6 25. Rdg1 Ne4 26. Bxe4 fxe4 27. f5 Bxf5 28. Nxf5 Qxf5 29. Qxf5 gxf5 30. Kd2 h6 31. Ke2 a5 32. a3 Kh7 33. Rf2 Rg8 34. Rxg8 Kxg8 35. Rg2+ Kh7 36. h4 h5 37. Kd2 a4 38. Kc2 Rd7 39. Rf2 Kg6 40. b3 Rb7 41. bxa4 bxa4 42. Bb4 Rh7 43. c4 Kf7 44. Rxf5 Ke6 45. Rf4 Rg7 46. Rf2 Rg3 47. Re2 Rh3 48. Be1 f5 49. cxd5+ cxd5 50. Kb2 Rf3 51. Kc3 f4 52. Kb4 fxe3 53. Kxa4 Rf8 54. Rxe3 Rc8 55. Rc3 Ra8+ 56. Kb5 Rb8+ 57. Ka5 Ra8+ 58. Kb6 Kf5 59. Kc6 Ke6 60. Rg3 Rc8+ 61. Kb5 Rb8+ 62. Ka4 Rb1 63. Bf2 Rh1 64. Rg5 Rf1 65. Be3 Rf3 66. Re5+ Kd6 67. Bg5 Rd3 68. Be7+ Kc6 69. Bc5 Rg3 70. Rxh5 Rg4 71. Rh6+ Kc7 72. h5 Rh4 73. Rh7+ Kc8 74. h6 e3 75. Re7 Rxh6 76. Rxe3 Kd7 77. Kb5 Rh8 78. Re7+ Kd8 79. Kc6 Rh5 80. Ra7 Ke8 81. Re7+ Kd8 82. Rf7 Rh6+ 83. Bd6 Re6 84. Rf8+ Re8 85. Bc7+ Ke7 86. Rxe8+ Kxe8 87. Kd6 1-0

[Event "Sarajevo Bosna op 47th"]
[Site "Sarajevo"]
[Date "2017.05.14"]
[Round "2"]
[White "Muhibic, Cazim"]
[Black "Zaloznik, Vesna"]
[Result "1-0"]
[WhiteElo "1956"]
[BlackElo "1504"]
[PlyCount "83"]
[EventDate "2017.05.13"]
[EventType "swiss"]
[EventRounds "9"]
[EventCountry "BIH"]
[SourceTitle "CBM 178 Extra"]
[Source "ChessBase"]
[SourceDate "2017.06.22"]
[SourceVersion "1"]
[SourceVersionDate "2017.06.22"]
[SourceQuality "1"]

1. Nf3 Nc6 2. g3 d5 3. d4 Nf6 4. Bg2 Bf5 5. c3 h6 6. 0-0 Qd7 7. Re1 Bh3 8. Bh1 Ne4 9. Nbd2 f5 10. Nh4 g5 11. Ng6 Rg8 12. Nxf8 Rxf8 13. f3 Nf6 14. b4 f4 15. Nb3 fxg3 16. hxg3 Qd6 17. Kh2 Nh5 18. Rg1 Bd7 19. Qe1 0-0-0 20. b5 Nb8 21. a4 e5 22. Ba3 Qe6 23. Bg2 Rf7 24. Nc5 Qf6 25. e3 Re8 26. Nd3 exd4 27. cxd4 c6 28. Ne5 Rxe5 29. dxe5 Qxe5 30. Rc1 Qe6 31. Rf1 b6 32. bxc6 Nxc6 33. Qd2 Qe5 34. f4 gxf4 35. exf4 Qg7 36. Qc3 d4 37. Qf3 Qg6 38. Bh3 Kc7 39. Bxd7 Kxd7 40. Qd5+ Kc7 41. Rxc6+ Qxc6 42. Qxf7+ 1-0

[Event "Sarajevo Bosna op 47th"]
[Site "Sarajevo"]
[Date "2017.05.13"]
[Round "1"]
[White "Stankovic, Milos"]
[Black "Muhibic, Cazim"]
[Result "1-0"]
[WhiteElo "2406"]
[BlackElo "1956"]
[PlyCount "63"]
[EventDate "2017.05.13"]
[EventType "swiss"]
[EventRounds "9"]
[EventCountry "BIH"]
[SourceTitle "CBM 178 Extra"]
[Source "ChessBase"]
[SourceDate "2017.06.22"]
[SourceVersion "1"]
[SourceVersionDate "2017.06.22"]
[SourceQuality "1"]

1. e4 g6 2. d4 Bg7 3. Nc3 d6 4. Be3 Nf6 5. Nf3 0-0 6. Bd3 Nbd7 7. Qe2 Ng4 8. Bg5 c5 9. Nd5 Qa5+ 10. b4 cxb4 11. Nxe7+ Kh8 12. Bd2 Qa3 13. 0-0 Qa5 14. a3 Qd8 15. Nxc8 Rxc8 16. axb4 a6 17. c3 Re8 18. Ng5 Nh6 19. Qf3 f6 20. Nh3 Nf7 21. Rfe1 Qc7 22. Nf4 Nb6 23. Qh3 Kg8 24. Qg3 Nc4 25. Nd5 Qd8 26. Bxc4 Rxc4 27. Qd3 Rc8 28. b5 axb5 29. Qxb5 Rb8 30. f3 Kf8 31. Ra7 Qc8 32. Nb6 1-0

[Event "Lukavac op 5th"]
[Site "Lukavac"]
[Date "2016.11.27"]
[Round "6"]
[White "Muhibic, Cazim"]
[Black "Uysal, Ugur"]
[Result "0-1"]
[WhiteElo "1931"]
[BlackElo "1532"]
[PlyCount "82"]
[EventDate "2016.11.24"]
[EventType "swiss"]
[EventRounds "7"]
[EventCountry "BIH"]
[SourceTitle "EXT 2019"]
[Source "ChessBase"]
[SourceDate "2018.10.10"]
[SourceVersion "1"]
[SourceVersionDate "2018.10.10"]
[SourceQuality "1"]

1. Nf3 Nf6 2. b3 g6 3. Bb2 Bg7 4. e4 d6 5. d3 0-0 6. Nbd2 c5 7. Be2 Be6 8. Rb1 Nc6 9. Ng5 Bd7 10. Ngf3 h6 11. 0-0 Be6 12. h3 Qa5 13. a4 a6 14. Nh2 d5 15. f4 dxe4 16. Nxe4 Nd5 17. Bxg7 Kxg7 18. Qe1 Kh7 19. c4 Ndb4 20. Bd1 Nd4 21. Qc3 Rfd8 22. Nf3 Qc7 23. Nxd4 Rxd4 24. Be2 Bf5 25. Nf2 Rad8 26. Rbd1 Qd6 27. Ne4 Qc7 28. g4 Bxe4 29. dxe4 Rxd1 30. Rxd1 Rxd1+ 31. Bxd1 Qxf4 32. Qf3 Qxf3 33. Bxf3 Kg7 34. Kf2 Kf6 35. Ke3 Ke5 36. Bd1 a5 37. Bf3 e6 38. g5 h5 39. Be2 Nc2+ 40. Kd3 Nd4 41. Bd1 Kf4 0-1

[Event "Gorazde op"]
[Site "Gorazde"]
[Date "2011.09.18"]
[Round "7"]
[White "Hutinovic, Halim"]
[Black "Muhibic, Cazim"]
[Result "1/2-1/2"]
[WhiteElo "2039"]
[BlackElo "1907"]
[PlyCount "138"]
[EventDate "2011.09.15"]
[EventType "swiss"]
[EventRounds "7"]
[EventCountry "BIH"]
[SourceTitle "CBM 144 Extra"]
[Source "ChessBase"]
[SourceDate "2011.10.28"]
[SourceVersion "1"]
[SourceVersionDate "2011.10.28"]
[SourceQuality "1"]

1. d4 g6 2. c4 Bg7 3. Nc3 d6 4. e4 Nf6 5. f4 0-0 6. Nf3 Bg4 7. Be2 Re8 8. e5 Nfd7 9. h3 Bxf3 10. Bxf3 c6 11. 0-0 dxe5 12. fxe5 Qb6 13. c5 Nxc5 14. dxc5 Qxc5+ 15. Kh1 Qxe5 16. Qb3 Qc7 17. Be3 e6 18. Rad1 Nd7 19. Ne4 Nb6 20. Nc5 Red8 21. Bg4 Rxd1 22. Bxd1 Nd5 23. Bg1 b6 24. Na6 Qe7 25. Bf3 Be5 26. Bxd5 cxd5 27. Nb4 Rc8 28. Nd3 Bd6 29. Rc1 Rxc1 30. Nxc1 f6 31. Nd3 Kg7 32. Qb5 Kf7 33. b4 Qc7 34. a4 Ke7 35. a5 Qc4 36. Qxc4 dxc4 37. Nc1 Bxb4 38. axb6 axb6 39. Bxb6 Kd6 40. Kg1 Bc5+ 41. Bxc5+ Kxc5 42. Ne2 Kd5 43. Kf2 Ke4 44. Ke1 e5 45. Kd2 f5 46. g4 fxg4 47. hxg4 Kf3 48. g5 Kg4 49. Kc3 Kxg5 50. Kxc4 h5 51. Kd5 Kf6 52. Ke4 g5 53. Kf3 g4+ 54. Kg3 Kg5 55. Kg2 h4 56. Kh2 Kf5 57. Kg2 Ke4 58. Nc3+ Kd3 59. Nd5 Ke4 60. Nf6+ Kf5 61. Nd5 e4 62. Ne3+ Kg5 63. Nd5 Kf5 64. Ne3+ Kg5 65. Nd5 g3 66. Kh3 Kf5 67. Ne3+ Kf4 68. Ng2+ Kf3 69. Nxh4+ Kf2 1/2-1/2

[Event "BIH-chT2"]
[Site "Neum"]
[Date "2008.08.24"]
[Round "3.3"]
[White "Muhibic, Cazim"]
[Black "Bratic, Ismar"]
[Result "0-1"]
[WhiteElo "1979"]
[BlackElo "2172"]
[PlyCount "58"]
[EventDate "2008.08.23"]
[EventType "team"]
[EventRounds "9"]
[EventCountry "BIH"]
[SourceTitle "CBM 126 Extra"]
[Source "ChessBase"]
[SourceDate "2008.11.05"]
[SourceVersion "1"]
[SourceVersionDate "2008.11.05"]
[SourceQuality "1"]

1. d4 Nf6 2. Bf4 c5 3. e3 Qb6 4. b3 e6 5. Nf3 Nd5 6. Bxb8 Rxb8 7. c4 Qa5+ 8. Qd2 Nb4 9. Nc3 cxd4 10. Nxd4 a6 11. Be2 Nc6 12. Nc2 b5 13. 0-0 bxc4 14. Bxc4 d5 15. Be2 Be7 16. Rad1 0-0 17. Na4 Qxd2 18. Rxd2 Bb7 19. h3 Rfc8 20. a3 Na5 21. Rb1 Rc7 22. b4 Bc8 23. Na1 Nc4 24. Rc2 a5 25. Bxc4 dxc4 26. Rcb2 Bf6 27. Rc2 axb4 28. axb4 Ra7 29. Ra2 Rba8 0-1

[Event "BIH-chT2"]
[Site "Neum"]
[Date "2008.08.24"]
[Round "2.4"]
[White "Muhibic, Cazim"]
[Black "Zupcevic, Nedim"]
[Result "1-0"]
[WhiteElo "1979"]
[BlackElo "2109"]
[PlyCount "49"]
[EventDate "2008.08.23"]
[EventType "team"]
[EventRounds "9"]
[EventCountry "BIH"]
[SourceTitle "CBM 126 Extra"]
[Source "ChessBase"]
[SourceDate "2008.11.05"]
[SourceVersion "1"]
[SourceVersionDate "2008.11.05"]
[SourceQuality "1"]

1. d4 Nf6 2. Bf4 e6 3. e3 c5 4. c3 d5 5. Nf3 Nc6 6. Bb5 Bd7 7. Bxc6 Bxc6 8. Ne5 Bb5 9. Nd2 cxd4 10. exd4 Bd6 11. Qb3 Bc6 12. Ndf3 0-0 13. 0-0 Ne4 14. Qc2 Bb5 15. c4 Rc8 16. b3 f6 17. Nd3 dxc4 18. bxc4 Bxc4 19. Bxd6 Nxd6 20. Rfd1 Nf5 21. Nc5 Bd5 22. Qd3 Qd6 23. Nd2 b6 24. Nde4 Rc7 25. Na6 1-0